Đánh giá hiện trạng công nghệ tỉnh Đồng Nai Xây dựng cơ sở dữ liệu công nghệ phục vụ định hướng và hỗ trợ doanh nghiệp phát triển, đổi mới công nghệ

שמור ב:
מידע ביבליוגרפי
מחבר ראשי: Phạm, Văn Sáng
פורמט: ספר
שפה:Undetermined
נושאים:
גישה מקוונת:http://lrc.tdmu.edu.vn/opac/search/detail.asp?aID=2&ID=23027
תגים: הוספת תג
אין תגיות, היה/י הראשונ/ה לתייג את הרשומה!
Thư viện lưu trữ: Trung tâm Học liệu Trường Đại học Thủ Dầu Một
LEADER 00889nam a2200145Ia 4500
001 TDMU_23027
008 210410s9999 xx 000 0 und d
082 |a 600 
100 |a Phạm, Văn Sáng 
245 0 |a Đánh giá hiện trạng công nghệ tỉnh Đồng Nai Xây dựng cơ sở dữ liệu công nghệ phục vụ định hướng và hỗ trợ doanh nghiệp phát triển, đổi mới công nghệ 
245 0 |c Phạm Văn Sáng 
300 |a tr.107-111 
650 |a Xây dựng cơ sở dữ liệu công nghệ ; Hỗ trợ doanh nghiệp; Đổi mới công nghệ; Đồng Nai ; Đánh giá hiện trạng công nghệ; Khoa học Công nghệ  
856 |u http://lrc.tdmu.edu.vn/opac/search/detail.asp?aID=2&ID=23027 
980 |a Trung tâm Học liệu Trường Đại học Thủ Dầu Một